Práctica de las construcciones de hormigón en masa y armado / (Record no. 85854)

MARC details
000 -LEADER
campo de control de longitud fija 00789nam a2200217 i 4500
001 - NÚMERO DE CONTROL
campo de control 85854
003 - IDENTIFICADOR DE NÚMERO DE CONTROL
campo de control ES-MaACL
005 - FECHA Y HORA DE LA ÚLTIMA TRANSACCIÓN
campo de control 20250902221354.0
007 - CAMPO FIJO DE DESCRIPCIÓN FÍSICA--INFORMACIÓN GENERAL
campo de control de longitud fija t|
008 - DATOS DE LONGITUD FIJA--INFORMACIÓN GENERAL
campo de control de longitud fija 041202s1959 sp ||||1| spa d
100 1# - ENTRADA PRINCIPAL--NOMBRE DE PERSONA
Nombre de persona Kèarcher, Gustav.
9 (RLIN) 128504
245 10 - MENCIÓN DEL TÍTULO
Título Práctica de las construcciones de hormigón en masa y armado /
Mención de responsabilidad, etc. por Gustav Kèarcher y Helmut Kaden ; traducción por D.R. Dublang.
260 ## - PUBLICACIÓN, DISTRIBUCIÓN, ETC.
Lugar de publicación, distribución, etc. Barcelona, etc. :
Nombre del editor, distribuidor, etc. Labor,
Fecha de publicación, distribución, etc. 1959 (
Fabricante Tall. Ibero-Americanos)
300 ## - DESCRIPCIÓN FÍSICA
Extensión VIII, 180 p. :
Otras características físicas il. ;
Dimensiones 29 cm.
650 #7 - PUNTO DE ACCESO ADICIONAL DE MATERIA--TÉRMINO DE MATERIA
Término de materia o nombre geográfico como elemento de entrada Estructuras de hormigón
Fuente del encabezamiento o término embne
9 (RLIN) 11296
650 #7 - PUNTO DE ACCESO ADICIONAL DE MATERIA--TÉRMINO DE MATERIA
Término de materia o nombre geográfico como elemento de entrada Estructuras de hormigón armado
Fuente del encabezamiento o término embne
9 (RLIN) 164177
700 1# - ENTRADA AGREGADA--NOMBRE PERSONAL
Nombre de persona Kaden, Helmut E.
9 (RLIN) 67387
700 1# - ENTRADA AGREGADA--NOMBRE PERSONAL
Nombre de persona Dublang, D. R.
9 (RLIN) 45755
852 ## - LOCALIZACIÓN
Ubicación ES-MaACL
Número de control de estantería C-2549
Sublocalización o colección R.44746
Holdings
Estatus retirado Estado de pérdida Estado de daño No para préstamo Biblioteca de origen Biblioteca actual Ubicación en estantería Fecha de adquisición Fuente de adquisición Total de préstamos Signatura topográfica completa Código de barras Visto por última vez Precio de reemplazo Tipo de ítem Koha
        Biblioteca del Ateneo de Madrid Biblioteca del Ateneo de Madrid Depósito 2 17/01/2008     C-2549 1089719 23/02/2023 23/02/2023 Libro impreso